00701nam a2200241 a 4500001001300000003000900013005001700022008004100039020002200080082001600102100001900118245004000137260003700177300000800214500003500222505001000257650002600267700001900293902000800312942000700320952011500327999001700442nice12345678IN_TiNIC20260116013717.0050524s1994 newa grp 000 0 eng  a8185990 c2500a934.02bFRA aFrawley, David aMyth of the Aryan Invasion of India aNew DelhibVoice of India c1994 a58p aincludes index and biblioraphy2 aIndex aIndia-Ancient History1 aFrawley, David bSRS cBK 001040708StackRoom-aHMIbHMId2007-06-06g25.00l0o934.02 FRAp017865r2020-09-09v25.00w2005-05-24yBK c12096d12096